000 01133cam a22001934a 4500
005 20250605163954.0
008 250528s ||||||||||||||||||||||||d
035 _a15425
020 _a71132805
040 _aGR-AtMCL
_bgre
_dGR-AtMCL
_eAACR2
245 1 _aSystems Analysis and Design
260 _bMcgraw Hill Mitchell,
_c1993
300 _a522
520 _aThis book is designed for an introductory systems analysis and design course and assumes no business experience. An Introduction to the Systems Process, The Systems Development Life Cycle, Modelling Tools for the Systems Analysis, Structured Methodologies, Systems Analysis and Modelling, Preliminary Systems Analysis, Detailed Analysis, Prototyping and Fourth-Generation Languages, Systems Design, Output Design, Input Design and Data Collection Screens, File Design, Database Design, Network Design, Software Design, Systems Implementation and Management, Programming Quality Assurance and Conversion, Testing and Training, Maintaining and Managing the Systems Process.
700 1 _aEdwards Perry
_91348
942 _cBK
999 _c1006
_d1006